[Event "5th Classic Open 2013"]
[Site "London ENG"]
[Date "2013.12.11"]
[Round "5.5"]
[White "Delchev, Aleksander"]
[Black "Maryasin, Boris"]
[Result "1-0"]
[WhiteTitle "GM"]
[BlackTitle "IM"]
[WhiteElo "2648"]
[BlackElo "2342"]
[WhiteFideId "2900394"]
[BlackFideId "2801892"]
[EventDate "2013.12.07"]

1. e4 e5 2. Bc4 Nf6 3. d3 c6 4. Nf3 Be7 5. O-O d6 6. Re1 O-O 7. Nbd2 Nbd7 8. a3
d5 9. Ba2 Bd6 10. d4 dxe4 11. Nxe4 Nxe4 12. Rxe4 Qc7 13. dxe5 Nxe5 14. Nxe5 Bxe5
15. Qh5 Bf6 16. Bf4 Qd7 17. Rd1 g6 18. Qe2 Qg4 19. f3 Qh5 20. Bd6 Bf5 21. g4 Qg5
22. Bf4 Qh4 23. gxf5 gxf5 24. Bg3 Qg5 25. f4 Qg7 26. Rb4 b5 27. Kh1 a5 28. Rb3
Rae8 29. Re3 Rxe3 30. Qxe3 Bxb2 31. Bf2 Kh8 32. Qe7 Qh6 33. Bc5 Bg7 34. Rd8 1-0

[Event "5th Classic Open 2013"]
[Site "London ENG"]
[Date "2013.12.11"]
[Round "5.7"]
[White "Zumsande, Martin"]
[Black "Bartel, Mateusz"]
[Result "0-1"]
[WhiteTitle "IM"]
[BlackTitle "GM"]
[WhiteElo "2430"]
[BlackElo "2649"]
[WhiteFideId "4651324"]
[BlackFideId "1112635"]
[EventDate "2013.12.07"]

1. e4 c5 2. c3 Qa5 3. Nf3 e6 4. a3 Nc6 5. d4 Nxd4 6. Nxd4 cxd4 7. Qxd4 Ne7 8.
Nd2 Nc6 9. Qd3 Qc7 10. Be2 Be7 11. O-O O-O 12. f4 d5 13. Kh1 dxe4 14. Nxe4 f5
15. Ng5 h6 16. Nf3 b6 17. Qc4 b5 18. Qxb5 a5 19. Qc4 Qb6 20. b4 axb4 21. cxb4
Nxb4 22. Qb3 Nd5 23. Qxb6 Nxb6 24. Bb2 Ba6 25. Rfe1 Nd5 26. Bxa6 Rxa6 27. g3 g5
28. fxg5 hxg5 29. Re2 g4 30. Ne5 Rc8 31. h3 gxh3 32. Kh2 Rb6 33. Ng6 Bg5 34.
Kxh3 Rb3 35. Kh2 Kh7 36. Ne5 f4 37. Rh1 fxg3+ 38. Kg1+ Kg8 39. Ng6 Rxb2 40. Rxb2
Rc1+ 41. Kg2 Ne3+ 42. Kxg3 Rxh1 43. Ne5 Kg7 44. a4 Kf6 45. Nd7+ Kf5 46. Rb5+ Nd5
47. a5 Bf4+ 48. Kf3 Rh3+ 49. Kf2 Rh2+ 50. Kf3 Rh3+ 51. Kf2 Ra3 52. Ke2 Bc7 0-1

[Event "5th Classic Open 2013"]
[Site "London ENG"]
[Date "2013.12.11"]
[Round "5.8"]
[White "Ben Artzi, Ido"]
[Black "Gupta, Abhijeet"]
[Result "1/2-1/2"]
[BlackTitle "GM"]
[WhiteElo "2341"]
[BlackElo "2608"]
[WhiteFideId "2810913"]
[BlackFideId "5010608"]
[EventDate "2013.12.07"]

1. d4 Nf6 2. c4 c6 3. Nc3 d5 4. cxd5 cxd5 5. Bf4 Nc6 6. e3 a6 7. Be2 g6 8. h3
Bg7 9. Nf3 O-O 10. O-O Bf5 11. Rc1 Rc8 12. Ne5 Na5 13. b4 Nc6 14. Qb3 h6 15. Na4
Nxe5 16. Bxe5 Ne4 17. Bxg7 Kxg7 18. Rfd1 Qd6 19. Nc5 Rc7 20. a4 Rfc8 21. a5 h5
22. Bd3 h4 23. Rc2 Be6 24. Bxe4 dxe4 25. Nxe6+ Qxe6 26. Qxe6 fxe6 27. Rc5 Kf6
28. Rdc1 Rxc5 29. Rxc5 Rb8 30. b5 axb5 31. Rxb5 Rc8 32. Rc5 Rd8 33. g3 hxg3 34.
fxg3 Rd6 35. h4 b6 36. axb6 Rxb6 37. Re5 Rb2 38. Rxe4 Ra2 39. Rf4+ Kg7 40. Re4
Kf6 41. Kf1 Kf7 42. Re5 Rh2 43. Kg1 Re2 44. g4 Kf6 45. Re4 Ra2 46. Rf4+ Kg7 47.
h5 gxh5 48. gxh5 Ra5 49. Rh4 Kh6 50. Re4 e5 51. dxe5 Kxh5 52. Kf2 Kg5 53. Kf3
Kf5 54. Rh4 Rxe5 55. Rf4+ 1/2-1/2

[Event "5th Classic Open 2013"]
[Site "London ENG"]
[Date "2013.12.11"]
[Round "5.9"]
[White "Nevednichy, Vladislav"]
[Black "Ahlander, Bjorn"]
[Result "1-0"]
[WhiteTitle "GM"]
[BlackTitle "IM"]
[WhiteElo "2604"]
[BlackElo "2429"]
[WhiteFideId "1205730"]
[BlackFideId "1700251"]
[EventDate "2013.12.07"]

1. e4 c5 2. Nf3 e6 3. d4 cxd4 4. Nxd4 a6 5. Nc3 b5 6. Bd3 Qb6 7. Nf3 Qc7 8. O-O
Bb7 9. e5 f5 10. Re1 Be7 11. Nh4 g6 12. Nf3 h6 13. a4 b4 14. Nb1 Nc6 15. Nbd2
Na5 16. Nb3 h5 17. Bg5 Bxg5 18. Nxg5 Ne7 19. Qd2 Qb6 20. Nxa5 Qxa5 21. Nh3 O-O
22. Qg5 Rf7 23. Nf4 Rg7 24. Bc4 Kh7 25. Rad1 Qxa4 26. b3 Qc6 27. Rd6 Qc7 28.
Red1 Bd5 29. Bxd5 exd5 30. R6xd5 Qc3 31. Rxd7 Qxe5 32. h4 Rc8 33. Nxh5 Rf7 34.
Nf4 Rc6 35. R1d3 Rcf6 36. Re3 Qa1+ 37. Kh2 1-0

[Event "5th Classic Open 2013"]
[Site "London ENG"]
[Date "2013.12.11"]
[Round "5.10"]
[White "Van Kampen, Robin"]
[Black "Houska, Jovanka"]
[Result "1-0"]
[WhiteTitle "GM"]
[BlackTitle "IM"]
[WhiteElo "2601"]
[BlackElo "2415"]
[WhiteFideId "1020854"]
[BlackFideId "405094"]
[EventDate "2013.12.07"]

1. e4 c6 2. d4 d5 3. e5 Bf5 4. Nf3 e6 5. Be2 Nd7 6. O-O h6 7. a4 Ne7 8. a5 a6 9.
b4 Bh7 10. c3 Nf5 11. Nbd2 Be7 12. Nb3 O-O 13. Bd3 Bg6 14. Qc2 Qe8 15. Bd2 Bd8
16. Rae1 Qe7 17. h3 Bc7 18. Re2 Rfe8 19. g4 Nh4 20. Nxh4 Bxd3 21. Qxd3 Qxh4 22.
f4 b6 23. Be1 Qd8 24. axb6 Bxb6 25. Kh1 a5 26. bxa5 Bxa5 27. f5 Qg5 28. Rg2 Bd8
29. Bd2 Qh4 30. Be1 Qg5 31. Qf3 Rf8 32. h4 Qe7 33. f6 gxf6 34. g5 hxg5 35. exf6
Nxf6 36. Rxg5+ Kh8 37. Rh5+ Nxh5 38. Qxh5+ Kg7 39. Rg1+ Qg5 40. Rxg5+ Bxg5 41.
Qxg5+ Kh7 42. Bd2 Rfb8 43. Qh5+ Kg8 44. Bh6 1-0

[Event "5th Classic Open 2013"]
[Site "London ENG"]
[Date "2013.12.11"]
[Round "5.11"]
[White "Buchicchio, Giampaolo"]
[Black "Hebden, Mark L"]
[Result "1-0"]
[WhiteTitle "FM"]
[BlackTitle "GM"]
[WhiteElo "2312"]
[BlackElo "2560"]
[WhiteFideId "811491"]
[BlackFideId "400084"]
[EventDate "2013.12.07"]

1. e4 e5 2. Nf3 Nc6 3. d4 exd4 4. Nxd4 Nf6 5. Nxc6 bxc6 6. e5 Ne4 7. Nd2 Nc5 8.
Be2 d6 9. Nc4 Be6 10. O-O Bxc4 11. Bxc4 dxe5 12. Qh5 Qf6 13. f4 e4 14. Be3 Bd6
15. c3 Qg6 16. Qh4 f5 17. Kh1 Nd7 18. Rae1 a5 19. Bd4 Nb6 20. Bxb6 cxb6 21. g4
Be7 22. gxf5 Qxf5 23. Qg3 g6 24. a4 O-O-O 25. Qg2 Bc5 26. Rxe4 Kc7 27. Be6 Qf6
28. Bg4 Rhe8 29. b4 Be3 30. Rxe8 Rxe8 31. bxa5 bxa5 32. f5 g5 33. Qh3 Re7 34.
Qg3+ Bf4 35. Qd3 Rd7 36. Qa6 Qxc3 37. Qa7+ Kd8 38. Qa8+ Ke7 39. f6+ Qxf6 40.
Bxd7 Kxd7 41. Rd1+ Bd6 42. Qb7+ Ke6 43. Re1+ Be5 44. Qxc6+ Kf5 45. Qe4+ Ke6 46.
Qc6+ Kf5 47. Qd5 Qd6 48. Qf7+ Qf6 49. Qxh7+ Ke6 50. Qe4 Qh8 51. Qg6+ Kd5 52.
Rd1+ Kc5 53. Rc1+ Kb4 54. Qe4+ Kb3 55. Qc4+ Ka3 56. Rc2 Qa8+ 57. Kg1 Bb2 58. Rd2 1-0

[Event "5th Classic Open 2013"]
[Site "London ENG"]
[Date "2013.12.11"]
[Round "5.12"]
[White "Persson, Mats"]
[Black "Shyam, Sundar M."]
[Result "1/2-1/2"]
[BlackTitle "GM"]
[WhiteElo "2250"]
[BlackElo "2534"]
[WhiteFideId "1708333"]
[BlackFideId "5019141"]
[EventDate "2013.12.07"]

1. d4 Nf6 2. Nf3 e6 3. c4 d5 4. g3 dxc4 5. Qa4+ Bd7 6. Qxc4 c5 7. Nc3 Bc6 8.
dxc5 Nbd7 9. Bg2 Bxc5 10. O-O Rc8 11. Qd3 Qb6 12. Nd2 Bxg2 13. Kxg2 Ne5 14. Qb5+
Qxb5 15. Nxb5 a6 16. Nc3 Bb4 17. Ndb1 Ke7 18. a3 Ba5 19. Rd1 Rhd8 20. Rxd8 Kxd8
21. Bg5 Ke7 22. Ra2 Bxc3 23. Nxc3 h6 24. Bd2 Nc4 25. Be1 Nd7 26. Ne4 f5 27. Nc3
Nc5 28. b4 Ne4 29. Nxe4 fxe4 30. a4 e5 31. g4 Ke6 32. Kg3 Nb6 33. b5 Rc1 34.
bxa6 bxa6 35. Bd2 Rg1+ 36. Kh3 Nc4 37. Bb4 e3 38. fxe3 e4 39. Bc3 g6 40. Bd4 h5
41. gxh5 gxh5 42. Rc2 Kd5 43. Kh4 Rh1 44. h3 Rh2 45. Kg3 Rh1 46. Kh4 Rh2 47. Kg3
Rh1 48. Kh4 1/2-1/2

[Event "5th Classic Open 2013"]
[Site "London ENG"]
[Date "2013.12.11"]
[Round "5.13"]
[White "Hawkins, Jonathan"]
[Black "Summerscale, Aaron P"]
[Result "1/2-1/2"]
[WhiteTitle "IM"]
[BlackTitle "GM"]
[WhiteElo "2512"]
[BlackElo "2423"]
[WhiteFideId "412686"]
[BlackFideId "400980"]
[EventDate "2013.12.07"]

1. d4 d5 2. c4 e6 3. Nf3 Nf6 4. Nc3 Be7 5. Bg5 h6 6. Bh4 O-O 7. e3 Ne4 8. Bxe7
Qxe7 9. Rc1 Nxc3 10. Rxc3 c6 11. Qc2 Nd7 12. Bd3 dxc4 13. Bxc4 b6 14. Bd3 c5 15.
Bh7+ Kh8 16. Be4 Rb8 17. O-O a5 18. Rc1 Bb7 19. Bxb7 Rxb7 20. dxc5 Nxc5 21. Ne5
Rc7 22. Qe2 Rfc8 23. Qb5 Ne4 24. Rxc7 Rxc7 25. Rd1 Qc5 26. Qxc5 Nxc5 27. f3 Na4
28. Rd2 f6 29. b3 fxe5 30. bxa4 Rc6 31. Rb2 Kg8 32. Rb5 e4 33. fxe4 Kf7 34. e5
Rc2 35. a3 Rc3 36. Rxb6 Rxa3 37. Ra6 Rxa4 38. Kf2 Ra1 39. e4 a4 40. Ra7+ Kf8 41.
Ra8+ Kf7 42. Ra7+ Kg6 43. Re7 Kg5 44. g3 a3 45. Rxg7+ Kh5 46. Kg2 a2 47. Ra7 Kg4
48. Ra8 Kg5 49. Ra6 Kg4 50. Ra7 Re1 51. h3+ Kg5 52. Rxa2 Rxe4 53. Ra5 Kf5 54.
Kf3 Rxe5 55. g4+ Kf6 56. Rxe5 Kxe5 57. Ke3 h5 58. gxh5 Kf5 59. h6 Kg6 60. Kf4
Kxh6 61. Ke5 Kh5 62. h4 Kxh4 63. Kxe6 1/2-1/2

[Event "5th Classic Open 2013"]
[Site "London ENG"]
[Date "2013.12.11"]
[Round "5.15"]
[White "Harika, Dronavalli"]
[Black "Balint, Vilmos"]
[Result "1-0"]
[WhiteTitle "GM"]
[WhiteElo "2487"]
[BlackElo "2214"]
[WhiteFideId "5015197"]
[BlackFideId "718050"]
[EventDate "2013.12.07"]

1. Nf3 Nf6 2. c4 g6 3. Nc3 Bg7 4. d4 d5 5. cxd5 Nxd5 6. e4 Nxc3 7. bxc3 O-O 8.
Be2 c5 9. Rb1 cxd4 10. cxd4 Qa5+ 11. Bd2 Qxa2 12. O-O Qe6 13. Qc2 Qc6 14. Qd3 b6
15. d5 Qd7 16. Qa3 e6 17. Bb5 Qb7 18. Bc4 Bd7 19. Qe7 Re8 20. Qh4 Na6 21. Bh6
Bh8 22. Be3 f6 23. e5 exd5 24. exf6 h5 25. Bd3 Re4 26. f7+ Kf8 27. Bh6+ Bg7 28.
Bxg7+ Kxg7 29. Bxe4 dxe4 30. Qe7 Rf8 31. Ng5 Qc6 32. Rbd1 Nc5 33. Rd6 Qxd6 34.
Qxd6 1-0

[Event "5th Classic Open 2013"]
[Site "London ENG"]
[Date "2013.12.11"]
[Round "5.16"]
[White "Elsness, Frode"]
[Black "Khatanbaatar, Bazar"]
[Result "1/2-1/2"]
[WhiteTitle "IM"]
[BlackTitle "GM"]
[WhiteElo "2482"]
[BlackElo "2329"]
[WhiteFideId "1501100"]
[BlackFideId "4900332"]
[EventDate "2013.12.07"]

1. d4 d5 2. c4 c6 3. Nf3 Nf6 4. Nc3 dxc4 5. a4 Bf5 6. Ne5 Nbd7 7. Nxc4 Qc7 8. g3
e5 9. dxe5 Nxe5 10. Bf4 Nfd7 11. Bg2 g5 12. Ne3 gxf4 13. Nxf5 fxg3 14. hxg3
O-O-O 15. Qc2 Nf6 16. O-O h5 17. Rfd1 Bc5 18. e3 Neg4 19. Ne2 Qe5 20. Ned4 Bxd4
21. Nxd4 Qc7 22. Rdc1 Nd5 23. Qf5+ Kb8 24. Bxd5 Rxd5 25. Qxd5 cxd5 26. Rxc7 Kxc7
27. Nb5+ Kb6 28. Nc3 Rd8 29. Rd1 Kc5 30. Rd4 a5 31. Rf4 Ne5 32. Rf5 Nd3 33. Rxf7
b6 34. Nd1 Kb4 35. Rf6 Rb8 36. Rf5 Kxa4 37. Rxd5 Nb4 38. Rd2 Kb3 39. e4 Re8 40.
f3 a4 41. Kf2 b5 42. Rd6 Na2 43. Ke3 b4 44. f4 Rg8 45. Kf3 a3 46. bxa3 bxa3 47.
Rd3+ Kb4 48. Ne3 Nc3 49. Nc2+ Kc4 50. Rd4+ Kc5 51. Rd7 Nb5 52. Rd5+ Kc4 53.
Nxa3+ Nxa3 54. Rxh5 Nb5 55. Rg5 Nd4+ 56. Kg4 Re8 57. e5 Kd5 58. Rg6 Ke4 59. Kg5
Rf8 60. Kh6 Nf5+ 61. Kh7 Nxg3 62. Rxg3 1/2-1/2

[Event "5th Classic Open 2013"]
[Site "London ENG"]
[Date "2013.12.11"]
[Round "5.17"]
[White "Bao, Qilin"]
[Black "Wells, Peter K"]
[Result "1/2-1/2"]
[BlackTitle "GM"]
[WhiteElo "2166"]
[BlackElo "2479"]
[WhiteFideId "8605750"]
[BlackFideId "400327"]
[EventDate "2013.12.07"]

1. e4 c6 2. d4 d5 3. exd5 cxd5 4. Bd3 Nc6 5. c3 Nf6 6. h3 e5 7. dxe5 Nxe5 8. Nf3
Nxd3+ 9. Qxd3 Bd6 10. O-O O-O 11. Rd1 Re8 12. c4 Bc5 13. b4 Bxb4 14. cxd5 Ne4
15. Be3 Bf5 16. Qb3 Bd6 17. Nc3 Nxc3 18. Qxc3 Rc8 19. Qd4 Be4 20. Rac1 Rxc1 21.
Rxc1 b6 22. Qa4 Bxf3 23. gxf3 Qe7 24. Rc6 Qd7 25. Qb5 Rd8 26. Kg2 Bf8 27. a4
Qxd5 28. Rc7 Bc5 29. Rxa7 h5 30. h4 Qf5 31. Bxc5 Qg6+ 32. Kh2 bxc5 33. Qxc5 Rd1
34. Ra8+ Kh7 35. Qg5 Qd6+ 36. Kg2 Rd5 37. Qg3 Qf6 38. Re8 Rd4 39. Re4 Rd5 40.
Rf4 Qe6 41. Re4 Qf6 42. Rf4 Qe6 43. Re4 1/2-1/2

[Event "5th Classic Open 2013"]
[Site "London ENG"]
[Date "2013.12.11"]
[Round "5.18"]
[White "Williams, Simon K"]
[Black "Semprun Martinez, Fernando"]
[Result "1-0"]
[WhiteTitle "GM"]
[WhiteElo "2461"]
[BlackElo "2213"]
[WhiteFideId "404454"]
[BlackFideId "2203170"]
[EventDate "2013.12.07"]

1. b3 e5 2. Bb2 Nc6 3. e3 Nf6 4. Bb5 Bd6 5. g4 O-O 6. g5 Ne4 7. Nf3 Nxg5 8. Rg1
Ne6 9. Nc3 f6 10. Nh4 Ne7 11. Bd3 f5 12. Qh5 Qe8 13. Qxe8 Rxe8 14. Nxf5 Nxf5 15.
Bxf5 Nc5 16. b4 Na6 17. a3 Be7 18. f4 d6 19. Bxc8 Raxc8 20. fxe5 dxe5 21. Ne4 c5
22. b5 Nc7 23. a4 Nd5 24. Ke2 Rcd8 25. Bxe5 g6 26. c4 Nb6 27. d3 Bh4 28. Bf6 1-0

[Event "5th Classic Open 2013"]
[Site "London ENG"]
[Date "2013.12.11"]
[Round "5.20"]
[White "Vakhidov, Jahongir"]
[Black "Ethelontis, Alexandros N"]
[Result "1-0"]
[WhiteTitle "IM"]
[WhiteElo "2452"]
[BlackElo "2158"]
[WhiteFideId "14201801"]
[BlackFideId "405469"]
[EventDate "2013.12.07"]

1. d4 e6 2. c4 Nf6 3. Nc3 Bb4 4. e3 b6 5. Ne2 Ba6 6. Ng3 h5 7. h4 Bb7 8. Rh3 g6
9. f3 Be7 10. e4 d6 11. Be3 Nfd7 12. Qd2 Bxh4 13. O-O-O Be7 14. f4 Nf6 15. Be2
d5 16. cxd5 exd5 17. e5 Nh7 18. f5 Bg5 19. e6 Bxe3 20. exf7+ Kf8 21. Qxe3 Qg5
22. Qxg5 Nxg5 23. fxg6 Nxh3 24. Nf5 Nd7 25. gxh3 Nf6 26. Rg1 Ne8 27. fxe8=Q+
Kxe8 28. g7 Rg8 29. Bxh5+ Kd7 30. Bf7 c6 31. Bxg8 Rxg8 32. Nh6 1-0

[Event "5th Classic Open 2013"]
[Site "London ENG"]
[Date "2013.12.11"]
[Round "5.22"]
[White "Arkell, Keith C"]
[Black "Johannesson, Oliver"]
[Result "1-0"]
[WhiteTitle "GM"]
[WhiteElo "2438"]
[BlackElo "2078"]
[WhiteFideId "400270"]
[BlackFideId "2305623"]
[EventDate "2013.12.07"]

1. d4 d5 2. Nf3 Nf6 3. Bf4 c5 4. c3 Nc6 5. e3 Qb6 6. Qb3 c4 7. Qc2 Bf5 8. Qc1 h6
9. Be2 e6 10. O-O Qa5 11. Nbd2 Nh5 12. Be5 Be7 13. b4 Qd8 14. h3 Nf6 15. Bh2 O-O
16. Ne5 Nd7 17. e4 Bh7 18. exd5 exd5 19. Ndf3 Ndxe5 20. Nxe5 Nxe5 21. Bxe5 a5
22. a3 Qd7 23. Re1 Be4 24. Bg4 Bf5 25. Bxg7 Bg5 26. f4 Kxg7 27. fxg5 Bxg4 28.
gxh6+ Kh7 29. hxg4 Qxg4 30. Qc2+ Qg6 31. Qf2 Ra6 32. Rf1 Qxh6 33. Qf5+ Rg6 34.
Rf3 Qg5 35. Qxg5 Rxg5 36. bxa5 Ra8 37. Rb1 Rxa5 38. Rxb7 Rg7 39. Rd7 f6 40. Rd6
Rg6 41. Rh3+ Kg7 42. Rd7+ Kg8 43. Re3 Kh8 44. Kh2 Rg7 45. Rd8+ Kh7 46. Kh3 Rg5
47. Rd6 Kg6 48. g4 Rxa3 49. Rf3 Kg7 50. Rfxf6 Kh7 51. Kh4 Rg7 52. Rf3 Ra5 53. g5
Rg6 54. Rd7+ Rg7 55. Rd8 Re7 56. Kh5 Kg7 57. Rd6 Rf7 58. Re3 Rb5 59. Rg6+ Kf8
60. Rd6 Kg7 61. Rd8 Rc7 62. Kg4 Rcb7 63. Ree8 Rb3 64. Kf5 Rf7+ 65. Ke6 Rb6+ 66.
Kxd5 Rb5+ 67. Kxc4 Rxg5 68. Rg8+ 1-0

[Event "5th Classic Open 2013"]
[Site "London ENG"]
[Date "2013.12.11"]
[Round "5.23"]
[White "Sarkar, Justin"]
[Black "Stigar, Petter"]
[Result "1-0"]
[WhiteTitle "IM"]
[BlackTitle "FM"]
[WhiteElo "2425"]
[BlackElo "2240"]
[WhiteFideId "2010011"]
[BlackFideId "1500341"]
[EventDate "2013.12.07"]

1. d4 Nf6 2. c4 e6 3. Nf3 d5 4. Nc3 Be7 5. Bg5 h6 6. Bxf6 Bxf6 7. e3 O-O 8. Rc1
c6 9. h4 Nd7 10. g4 dxc4 11. Bxc4 c5 12. g5 hxg5 13. hxg5 Bxg5 14. Nxg5 Qxg5 15.
Ne4 Qg6 16. Nxc5 Nxc5 17. dxc5 e5 18. Qf3 Bf5 19. Bd5 Rad8 20. Bxb7 Rb8 21. Rc4 1-0

[Event "5th Classic Open 2013"]
[Site "London ENG"]
[Date "2013.12.11"]
[Round "5.24"]
[White "McDonald, Neil"]
[Black "Guthrie, David"]
[Result "1/2-1/2"]
[WhiteTitle "GM"]
[WhiteElo "2418"]
[BlackElo "2195"]
[WhiteFideId "400629"]
[BlackFideId "4300505"]
[EventDate "2013.12.07"]

1. e4 c5 2. Nf3 d6 3. d4 cxd4 4. Nxd4 Nf6 5. Nc3 a6 6. Be3 e5 7. Nf3 Be7 8. Bc4
O-O 9. O-O Qc7 10. Bb3 Be6 11. a4 Nc6 12. Bg5 Na5 13. Bxf6 Bxf6 14. Nd5 Bxd5 15.
Bxd5 Rac8 16. c3 Nc4 17. Qe2 Nb6 18. Rfd1 Be7 19. Ne1 Nxd5 20. Rxd5 Qc4 21. Qxc4
Rxc4 22. f3 f5 23. exf5 Rxf5 24. Rd3 e4 25. fxe4 Rxe4 26. Nf3 d5 27. b4 Bf6 28.
Rad1 Rc4 29. Rxd5 Rxd5 30. Rxd5 Bxc3 31. Rd8+ Kf7 32. Rd7+ Ke6 33. Rxb7 Rxb4 34.
Rc7 Bf6 35. Rc6+ Kd5 36. Rxa6 Rb2 37. h3 Ra2 38. Kh2 Kc4 39. Kg3 Kb4 40. Ra8
Rxa4 41. Rxa4+ Kxa4 42. Kf4 Kb4 43. Kf5 Kc4 44. Nd2+ Kd5 45. Ne4 Be7 1/2-1/2

[Event "5th Classic Open 2013"]
[Site "London ENG"]
[Date "2013.12.11"]
[Round "5.25"]
[White "Karavade, Eesha"]
[Black "Bates, Caspar J"]
[Result "1/2-1/2"]
[WhiteTitle "IM"]
[WhiteElo "2380"]
[BlackElo "2167"]
[WhiteFideId "5012600"]
[BlackFideId "414760"]
[EventDate "2013.12.07"]

1. Nf3 Nf6 2. c4 e6 3. g3 b6 4. Bg2 Bb7 5. O-O c5 6. Nc3 Be7 7. Re1 O-O 8. e4
Nc6 9. e5 Ne8 10. d4 cxd4 11. Nxd4 Qc8 12. Bf4 Na5 13. b3 f6 14. exf6 Bxf6 15.
Ne4 Nc6 16. Nxf6+ Rxf6 17. Nb5 Ne7 18. Be5 Rf7 19. f4 Bxg2 20. Kxg2 a6 21. Nd6
Nxd6 22. Qxd6 Qb7+ 23. Kg1 Nf5 24. Qd2 b5 25. Rac1 bxc4 26. Rxc4 Rd8 27. Rb4 Qa8
28. Qf2 d6 29. Bb2 e5 30. Qg2 Qa7+ 31. Qf2 Qa8 32. Qb6 Rc8 33. fxe5 Rc2 34. Qb8+
Rf8 35. Qxa8 Rxa8 36. Ba1 dxe5 37. Bxe5 Rxa2 38. Rb7 h5 39. Rf1 Rf8 40. Ra7 Re2
41. Ba1 Re6 42. Bc3 Rg6 43. Bb4 Rff6 44. Bc3 Rf8 45. Bb4 Rff6 46. Bc3 1/2-1/2

[Event "5th Classic Open 2013"]
[Site "London ENG"]
[Date "2013.12.11"]
[Round "5.26"]
[White "Andersson, Tommy"]
[Black "Stanisz, Patryk"]
[Result "1-0"]
[WhiteTitle "FM"]
[WhiteElo "2370"]
[BlackElo "2165"]
[WhiteFideId "1703803"]
[BlackFideId "1123106"]
[EventDate "2013.12.07"]

1. c4 Nf6 2. Nf3 c6 3. d4 d5 4. e3 e6 5. Bd3 Nbd7 6. b3 Bd6 7. Bb2 Qe7 8. Ne5
dxc4 9. Nxc4 Bb4+ 10. Nbd2 b5 11. Ne5 Bb7 12. a3 Bd6 13. O-O a6 14. Qf3 Nd5 15.
e4 N5b6 16. Nxd7 Qxd7 17. Rfe1 Be7 18. a4 Bb4 19. Red1 Qe7 20. a5 Nc8 21. e5 Qd8
22. Ne4 Qd5 23. Qg4 Kf8 24. Bc2 h5 25. Qf4 Be7 26. Nc5 g5 27. Qe3 Rb8 28. Be4
Qd8 29. b4 Qe8 30. f4 Rg8 31. fxg5 Rxg5 32. Rf1 Kg8 33. Rf6 Rg7 34. Raf1 Bf8 35.
Qf3 Ne7 36. Qxh5 Ng6 37. Nxe6 fxe6 38. Bxg6 Rxg6 39. Rxf8+ Qxf8 40. Rxf8+ 1-0

[Event "5th Classic Open 2013"]
[Site "London ENG"]
[Date "2013.12.11"]
[Round "5.27"]
[White "Ilfeld, Etan"]
[Black "Richardson, John R"]
[Result "1/2-1/2"]
[BlackTitle "FM"]
[WhiteElo "2178"]
[BlackElo "2340"]
[WhiteFideId "2803470"]
[BlackFideId "401617"]
[EventDate "2013.12.07"]

1. e4 c6 2. d4 d5 3. Nd2 dxe4 4. Nxe4 Bf5 5. Ng3 Bg6 6. h4 h6 7. h5 Bh7 8. Nf3
Nd7 9. Bd3 Bxd3 10. Qxd3 e6 11. Bf4 Qa5+ 12. Bd2 Bb4 13. c3 Be7 14. c4 Qc7 15.
O-O-O b5 16. c5 Ngf6 17. Ne4 Rd8 18. Nxf6+ Nxf6 19. Qe2 Qd7 20. Kb1 Qd5 21. Ne5
Rc8 22. g4 Qxd4 23. Bxh6 Qe4+ 24. Qxe4 Nxe4 25. Be3 Bxc5 26. Bxc5 Nxc5 27. Rd4
Na4 28. Rhd1 O-O 29. Rd7 a6 30. R7d6 c5 31. Rxa6 c4 32. Kc2 Nc5 33. Rb6 Rb8 34.
Rxb8 Rxb8 35. Nd7 Nxd7 36. Rxd7 b4 37. Rc7 b3+ 38. axb3 Rxb3 39. Rxc4 Rf3 40. b4
Rxf2+ 41. Kb3 Rf1 42. b5 Rb1+ 43. Ka4 f6 44. Ka5 Kh7 45. b6 Kh6 46. Rb4 Ra1+ 47.
Kb5 Ra8 48. b7 Rf8 49. Kc6 f5 50. gxf5 exf5 51. b8=Q Rxb8 52. Rxb8 Kxh5 53. Kd5
Kg4 54. Kd4 g5 55. Ke3 Kg3 56. Rb5 f4+ 57. Ke2 g4 58. Kf1 Kh2 59. Kf2 g3+ 60.
Kf3 g2 61. Rh5+ Kg1 62. Rh8 Kf1 63. Rg8 g1=N+ 64. Kxf4 Kf2 65. Rb8 Ne2+ 66. Ke4
Ke1 67. Ke3 Nc1 68. Rb2 Kd1 69. Rd2+ Ke1 70. Rd8 Ne2 71. Rh8 Ng1 72. Rh1 Kf1 73.
Rh2 Ke1 74. Rf2 Nh3 75. Ra2 Kf1 76. Rb2 Ng1 77. Rf2+ Ke1 78. Rf8 Ne2 79. Rd8 Ng1
80. Rd2 Kf1 81. Rh2 Ke1 82. Rf2 Nh3 83. Rf7 Ng1 84. Rd7 Kf1 85. Rg7 Nh3 86. Ra7
Ng1 87. Rg7 Ne2 88. Rb7 Ng1 89. Kf4 Ne2+ 90. Ke3 Ng1 91. Rb1+ Kg2 92. Ra1 Nf3
93. Ra2+ Kg3 94. Rf2 Nh4 95. Rf7 Ng2+ 96. Ke4 Nh4 97. Rg7+ Kf2 98. Rf7+ Kg3 99.
Rf6 Kg4 100. Rf8 Kg3 101. Rb8 Kf2 102. Rb3 Ng2 103. Rb2+ Kg3 104. Ra2 Nh4 105.
Ra3+ Kf2 106. Ra8 Kg3 107. Re8 Kf2 1/2-1/2

[Event "5th Classic Open 2013"]
[Site "London ENG"]
[Date "2013.12.11"]
[Round "5.28"]
[White "Longson, Alexander"]
[Black "Okike, David"]
[Result "1-0"]
[WhiteTitle "FM"]
[WhiteElo "2333"]
[BlackElo "2150"]
[WhiteFideId "408093"]
[BlackFideId "8500134"]
[EventDate "2013.12.07"]

1. e4 c5 2. Nf3 Nc6 3. d4 cxd4 4. Nxd4 Nf6 5. Nc3 d6 6. Bg5 Bd7 7. Qd2 Nxd4 8.
Qxd4 Qa5 9. f4 Bc6 10. O-O-O e5 11. Qd2 Be7 12. Bxf6 Bxf6 13. f5 h5 14. Bc4 Qc5
15. Bd5 Rd8 16. Kb1 Rd7 17. g3 Bd8 18. a3 a5 19. h3 Bb6 20. Qg5 Kf8 21. Rd3 Bd8
22. Qd2 Be7 23. Rd1 Rh6 24. g4 h4 25. g5 Rh5 26. g6 f6 27. Be6 Rd8 28. Nd5 a4
29. Rc3 Qa7 30. Qe2 Rg5 31. Qe1 Rh5 32. Ka2 Qa5 33. Rd2 Ra8 34. Rg2 Bd8 35. Rg4
Bxd5+ 36. Bxd5 Bb6 37. Rxh4 Rg5 38. Rh8+ Ke7 39. Rh7 Kf8 40. Rh8+ Ke7 41. Qh4 1-0

[Event "5th Classic Open 2013"]
[Site "London ENG"]
[Date "2013.12.11"]
[Round "5.29"]
[White "Wall, Gavin"]
[Black "Smith, Andrew Philip"]
[Result "1/2-1/2"]
[WhiteTitle "IM"]
[BlackTitle "FM"]
[WhiteElo "2328"]
[BlackElo "2132"]
[WhiteFideId "2501244"]
[BlackFideId "2500833"]
[EventDate "2013.12.07"]

1. e4 c5 2. Nf3 d6 3. d4 cxd4 4. Qxd4 Nc6 5. Bb5 Bd7 6. Bxc6 Bxc6 7. Nc3 e5 8.
Qd3 h6 9. Be3 Nf6 10. O-O-O Be7 11. Rhg1 Qa5 12. Nd2 Rd8 13. Nb3 Qc7 14. Nd5
Bxd5 15. exd5 Ng4 16. Kb1 O-O 17. c4 f5 18. h3 Nxe3 19. fxe3 a5 20. Rdf1 a4 21.
Nd2 e4 22. Qa3 Qb6 23. g4 f4 24. Nxe4 fxe3 25. Qd3 a3 26. b3 Bh4 27. Kc2 Bf2 28.
Rg2 Rf4 29. g5 e2 30. Qxe2 Qd4 31. Nc3 Rdf8 32. gxh6 Rf3 33. Nd1 Qa1 34. Rgxf2
Qxa2+ 35. Kc1 Qa1+ 36. Kd2 Rxf2 37. Rxf2 Qd4+ 38. Ke1 Rxf2 39. Nxf2 Qa1+ 40. Nd1
a2 41. Qe6+ Kh7 42. Qe4+ Kxh6 43. Qh4+ Kg6 44. Qg4+ Kh6 45. Qh4+ 1/2-1/2